00384 a2200121 4500001001000000005001700010008004100027245006800068100001800136700002300154773006800177999001700245ART_1478120260410161913.0260409a 10aA new approach to the construction of family equivalence scales1 aKapteyn, Arie1 aVan Praag, Bernard0 tEuropean economic reviewg- Vol. 7, NÂș 4 (may. 1976)wREV13346 c27030d27030